[Event "Villarobledo Online Qualifyer"]
[Site "playchess.com #155672"]
[Date "2009.05.23"]
[Round "5"]
[White "MiguelM"]
[Black "DHCA"]
[Result "0-1"]
[WhiteElo "1810"]
[BlackElo "1532"]
[PlyCount "134"]
[EventDate "2009.05.23"]
[EventType "swiss (blitz)"]

1. e4 {[%emt 0:00:01]} e6 {[%emt 0:00:01]} 2. d4 {[%emt 0:00:01]} d5 {[%emt 0:
00:01]} 3. e5 {[%emt 0:00:01]} c5 {[%emt 0:00:02]} 4. c3 {[%emt 0:00:01]} Nc6 {
[%emt 0:00:01]} 5. Nf3 {[%emt 0:00:01]} Qb6 {[%emt 0:00:00]} 6. a3 {[%emt 0:00:
01]} cxd4 {[%emt 0:00:01]} 7. cxd4 {[%emt 0:00:01]} Bd7 {[%emt 0:00:02]} 8. b4
{[%emt 0:00:01]} Nge7 {[%emt 0:00:05]} 9. Bb2 {[%emt 0:00:01]} Nf5 {[%emt 0:00:
01]} 10. Be2 {[%emt 0:00:01]} Be7 {[%emt 0:00:05]} 11. O-O {[%emt 0:00:01]} O-O
{[%emt 0:00:02]} 12. Qd3 {[%emt 0:00:01]} Rac8 {[%emt 0:00:03]} 13. Nbd2 {
[%emt 0:00:01]} a6 {[%emt 0:00:18]} 14. Nb3 {[%emt 0:00:01]} Na7 {[%emt 0:00:
10]} 15. Rfc1 {[%emt 0:00:02]} Bb5 {[%emt 0:00:03]} 16. Qd2 {[%emt 0:00:03]}
Bxe2 {[%emt 0:00:02]} 17. Qxe2 {[%emt 0:00:01]} Nc6 {[%emt 0:00:06]} 18. Nc5 {
[%emt 0:00:04]} Bxc5 {[%emt 0:00:11]} 19. Rxc5 {[%emt 0:00:01]} Na7 {[%emt 0:
00:06]} 20. Rac1 {[%emt 0:00:02]} Rxc5 {[%emt 0:00:02]} 21. Rxc5 {[%emt 0:00:
01]} Rc8 {[%emt 0:00:02]} 22. Qc2 {[%emt 0:00:01]} Rxc5 {[%emt 0:00:02]} 23.
Qxc5 {[%emt 0:00:01]} Qxc5 {[%emt 0:00:01]} 24. bxc5 {[%emt 0:00:01]} Nb5 {
[%emt 0:00:01]} 25. a4 {[%emt 0:00:10]} Nc7 {[%emt 0:00:02]} 26. Bc3 {[%emt 0:
00:02]} Kf8 {[%emt 0:00:14]} 27. Ba5 {[%emt 0:00:09]} Ne8 {[%emt 0:00:07]} 28.
Kf1 {[%emt 0:00:13]} h6 {[%emt 0:00:03]} 29. Ke2 {[%emt 0:00:02]} Ke7 {[%emt 0:
00:03]} 30. Kd3 {[%emt 0:00:01]} Kd7 {[%emt 0:00:02]} 31. g4 {[%emt 0:00:01]}
Ne7 {[%emt 0:00:02]} 32. Nd2 {[%emt 0:00:15]} Nc6 {[%emt 0:00:03]} 33. Bc3 {
[%emt 0:00:01]} Nc7 {[%emt 0:00:05]} 34. Nb3 {[%emt 0:00:05]} Ne8 {[%emt 0:00:
12]} 35. f4 {[%emt 0:00:02]} f6 {[%emt 0:00:02]} 36. Na5 {[%emt 0:00:02]} fxe5
{[%emt 0:00:04]} 37. fxe5 {[%emt 0:00:04]} g6 {[%emt 0:00:07]} 38. Nxb7 {[%emt
0:00:03]} h5 {[%emt 0:00:09]} 39. gxh5 {[%emt 0:00:02]} gxh5 {[%emt 0:00:01]}
40. Na5 {[%emt 0:00:04]} Ng7 {[%emt 0:00:02]} 41. Nxc6 {[%emt 0:00:01]} Kxc6 {
[%emt 0:00:02]} 42. Ke3 {[%emt 0:00:05]} Nf5+ {[%emt 0:00:01]} 43. Kf4 {[%emt
0:00:01]} h4 {[%emt 0:00:05]} 44. Kg5 {[%emt 0:00:09]} Kd7 {[%emt 0:00:08]} 45.
Kf6 {[%emt 0:00:05]} Ne3 {[%emt 0:00:06]} 46. c6+ {[%emt 0:00:20]} Kxc6 {[%emt
0:00:02]} 47. Kxe6 {[%emt 0:00:01]} Ng4 {[%emt 0:00:02]} 48. h3 {[%emt 0:00:03]
} Nf2 {[%emt 0:00:01]} 49. Kf7 {[%emt 0:00:02]} Nxh3 {[%emt 0:00:01]} 50. e6 {
[%emt 0:00:01]} Ng5+ {[%emt 0:00:03]} 51. Kf6 {[%emt 0:00:03]} Nxe6 {[%emt 0:
00:02]} 52. Kxe6 {[%emt 0:00:01]} h3 {[%emt 0:00:01]} 53. Bb4 {[%emt 0:00:18]}
h2 {[%emt 0:00:02]} 54. Bc5 {[%emt 0:00:01]} h1=Q {[%emt 0:00:04]} 55. a5 {
[%emt 0:00:01]} Qe4+ {[%emt 0:00:03]} 56. Kf6 {[%emt 0:00:03]} Kb5 {[%emt 0:00:
01]} 57. Bb6 {[%emt 0:00:02]} Kc6 {[%emt 0:00:03]} 58. Kf7 {[%emt 0:00:02]} Kd7
{[%emt 0:00:04]} 59. Kf6 {[%emt 0:00:01]} Qe6+ {[%emt 0:00:05]} 60. Kg5 {[%emt
0:00:01]} Qf7 {[%emt 0:00:03]} 61. Kg4 {[%emt 0:00:01]} Ke6 {[%emt 0:00:01]}
62. Kg5 {[%emt 0:00:01]} Qf5+ {[%emt 0:00:03]} 63. Kh4 {[%emt 0:00:01]} Qg6 {
[%emt 0:00:02]} 64. Kh3 {[%emt 0:00:03]} Kf5 {[%emt 0:00:01]} 65. Kh2 {[%emt 0:
00:02]} Kf4 {[%emt 0:00:01]} 66. Bc7+ {[%emt 0:00:02]} Kf3 {[%emt 0:00:02]} 67.
Kh3 {[%emt 0:00:11]} Qh5# {[%emt 0:00:03]} 0-1

[Event "Villarobledo Online Qualifyer"]
[Site "playchess.com #155672"]
[Date "2009.05.23"]
[Round "5"]
[White "ZECE"]
[Black "jchess06"]
[Result "0-1"]
[WhiteElo "2056"]
[BlackElo "1803"]
[PlyCount "106"]
[EventDate "2009.05.23"]
[EventType "swiss (blitz)"]

1. e4 {[%emt 0:00:02]} e5 {[%emt 0:00:08]} 2. Nf3 {[%emt 0:00:22]} Nf6 {[%emt
0:00:01]} 3. Nxe5 {[%emt 0:00:16]} d6 {[%emt 0:00:12]} 4. Nf3 {[%emt 0:00:14]}
Nxe4 {[%emt 0:00:02]} 5. Bb5+ {[%emt 0:00:10]} Bd7 {[%emt 0:00:07]} 6. Bxd7+ {
[%emt 0:00:13]} Nxd7 {[%emt 0:00:03]} 7. O-O {[%emt 0:00:06]} Be7 {[%emt 0:00:
02]} 8. Qe2 {[%emt 0:00:09]} Nef6 {[%emt 0:00:01]} 9. Re1 {[%emt 0:00:11]} Nd5
{[%emt 0:00:07]} 10. Nc3 {[%emt 0:00:08]} Nf4 {[%emt 0:00:04]} 11. Qe4 {[%emt
0:00:04]} Ne6 {[%emt 0:00:04]} 12. d4 {[%emt 0:00:07]} c6 {[%emt 0:00:30]} 13.
d5 {[%emt 0:00:04]} Nf6 {[%emt 0:00:02]} 14. Qa4 {[%emt 0:00:42]} Nc5 {[%emt 0:
00:10]} 15. Qh4 {[%emt 0:00:05]} O-O {[%emt 0:00:09]} 16. dxc6 {[%emt 0:00:12]}
bxc6 {[%emt 0:00:08]} 17. Nd4 {[%emt 0:00:03]} Qd7 {[%emt 0:00:06]} 18. Qh3 {
[%emt 0:00:03]} Qxh3 {[%emt 0:00:02]} 19. gxh3 {[%emt 0:00:05]} Ne6 {[%emt 0:
00:09]} 20. Nxc6 {[%emt 0:00:02]} Bd8 {[%emt 0:00:04]} 21. Nxd8 {[%emt 0:00:01]
} Rfxd8 {[%emt 0:00:00]} 22. Ne4 {[%emt 0:00:01]} Nxe4 {[%emt 0:00:07]} 23.
Rxe4 {[%emt 0:00:01]} Rac8 {[%emt 0:00:00]} 24. c3 {[%emt 0:00:01]} d5 {[%emt
0:00:01]} 25. Re1 {[%emt 0:00:02]} d4 {[%emt 0:00:02]} 26. cxd4 {[%emt 0:00:01]
} Nxd4 {[%emt 0:00:00]} 27. Be3 {[%emt 0:00:01]} Nf3+ {[%emt 0:00:02]} 28. Kf1
{[%emt 0:00:01]} Nxe1 {[%emt 0:00:00]} 29. Kxe1 {[%emt 0:00:01]} Rc2 {[%emt 0:
00:09]} 30. Bxa7 {[%emt 0:00:02]} Rxb2 {[%emt 0:00:04]} 31. Be3 {[%emt 0:00:01]
} Rc8 {[%emt 0:00:01]} 32. a4 {[%emt 0:00:00]} h6 {[%emt 0:00:02]} 33. a5 {
[%emt 0:00:01]} Ra8 {[%emt 0:00:04]} 34. a6 {[%emt 0:00:00]} Kf8 {[%emt 0:00:
03]} 35. a7 {[%emt 0:00:01]} Rb7 {[%emt 0:00:02]} 36. Rc1 {[%emt 0:00:01]} Ke7
{[%emt 0:00:01]} 37. Rc4 {[%emt 0:00:02]} f6 {[%emt 0:00:03]} 38. Re4+ {[%emt
0:00:01]} Kf7 {[%emt 0:00:01]} 39. Rc4 {[%emt 0:00:01]} Re7 {[%emt 0:00:01]}
40. Rb4 {[%emt 0:00:02]} Raxa7 {[%emt 0:00:02]} 41. Kd2 {[%emt 0:00:03]} Rad7+
{[%emt 0:00:01]} 42. Kc3 {[%emt 0:00:02]} Rc7+ {[%emt 0:00:01]} 43. Kd2 {[%emt
0:00:01]} Red7+ {[%emt 0:00:01]} 44. Ke2 {[%emt 0:00:01]} Rc2+ {[%emt 0:00:01]}
45. Kf3 {[%emt 0:00:01]} Rc3 {[%emt 0:00:01]} 46. Ra4 {[%emt 0:00:02]} g5 {
[%emt 0:00:05]} 47. Ra5 {[%emt 0:00:01]} Re7 {[%emt 0:00:07]} 48. Ra6 {[%emt 0:
00:02]} f5 {[%emt 0:00:04]} 49. Kg2 {[%emt 0:00:06]} Re6 {[%emt 0:00:03]} 50.
Ra7+ {[%emt 0:00:02]} Kg6 {[%emt 0:00:03]} 51. Ra8 {[%emt 0:00:02]} Rc2 {[%emt
0:00:03]} 52. Rg8+ {[%emt 0:00:02]} Kf7 {[%emt 0:00:01]} 53. Rd8 {[%emt 0:00:
03]} Rxe3 {[%emt 0:00:01] ZECE resigns} 0-1

[Event "Villarobledo Online Qualifyer"]
[Site "playchess.com #155672"]
[Date "2009.05.23"]
[Round "5"]
[White "Us6"]
[Black "Africanchamp"]
[Result "0-1"]
[WhiteElo "2609"]
[BlackElo "2884"]
[PlyCount "86"]
[EventDate "2009.05.23"]
[EventType "swiss (blitz)"]

1. d4 {[%emt 0:00:04]} Nf6 {[%emt 0:00:02]} 2. c4 {[%emt 0:00:01]} e6 {[%emt 0:
00:01]} 3. Nf3 {[%emt 0:00:02]} b6 {[%emt 0:00:01]} 4. g3 {[%emt 0:00:03]} Ba6
{[%emt 0:00:02]} 5. b3 {[%emt 0:00:05]} Bb4+ {[%emt 0:00:02]} 6. Bd2 {[%emt 0:
00:03]} Be7 {[%emt 0:00:02]} 7. Bg2 {[%emt 0:00:01]} O-O {[%emt 0:00:01]} 8.
O-O {[%emt 0:00:01]} d5 {[%emt 0:00:02]} 9. cxd5 {[%emt 0:00:01]} Nxd5 {[%emt
0:00:05]} 10. Nc3 {[%emt 0:00:03]} Bb7 {[%emt 0:00:09]} 11. Qc2 {[%emt 0:00:09]
} c5 {[%emt 0:00:06]} 12. dxc5 {[%emt 0:00:04]} Bxc5 {[%emt 0:00:02]} 13. Rad1
{[%emt 0:00:04]} h6 {[%emt 0:01:00]} 14. Nxd5 {[%emt 0:00:17]} exd5 {[%emt 0:
00:01]} 15. Bc3 {[%emt 0:00:03]} Re8 {[%emt 0:00:02]} 16. Nd4 {[%emt 0:00:04]}
Bf8 {[%emt 0:00:09]} 17. Nf5 {[%emt 0:00:07]} Na6 {[%emt 0:00:04]} 18. e4 {
[%emt 0:00:10]} Rc8 {[%emt 0:00:04]} 19. Qb2 {[%emt 0:00:10]} Qg5 {[%emt 0:00:
03]} 20. h4 {[%emt 0:00:23]} Qg6 {[%emt 0:00:04]} 21. h5 {[%emt 0:00:11]} Qg5 {
[%emt 0:00:15]} 22. f4 {[%emt 0:00:37]} Bc5+ {[%emt 0:00:02]} 23. Bd4 {[%emt 0:
00:01]} Qf6 {[%emt 0:00:02]} 24. Ne3 {[%emt 0:00:33]} Bxd4 {[%emt 0:00:05]} 25.
Qxd4 {[%emt 0:00:01]} Qxd4 {[%emt 0:00:01]} 26. Rxd4 {[%emt 0:00:00]} dxe4 {
[%emt 0:00:01]} 27. Rd7 {[%emt 0:00:01]} Nc5 {[%emt 0:00:01]} 28. Rd4 {[%emt 0:
00:02]} Kf8 {[%emt 0:00:25]} 29. Rfd1 {[%emt 0:00:01]} Rc7 {[%emt 0:00:03]} 30.
Nc4 {[%emt 0:00:07]} Nd3 {[%emt 0:00:04]} 31. Nd6 {[%emt 0:00:01]} Rd8 {[%emt
0:00:09]} 32. R4xd3 {[%emt 0:00:06]} exd3 {[%emt 0:00:02]} 33. Nxb7 {[%emt 0:
00:01]} Rdd7 {[%emt 0:00:03]} 34. Kf2 {[%emt 0:00:01]} Rc2+ {[%emt 0:00:03]}
35. Kf1 {[%emt 0:00:03]} Rxa2 {[%emt 0:00:03]} 36. Bc6 {[%emt 0:00:03]} Rc7 {
[%emt 0:00:02]} 37. Be4 {[%emt 0:00:04]} d2 {[%emt 0:00:02]} 38. Ke2 {[%emt 0:
00:03]} Re7 {[%emt 0:00:04]} 39. Kd3 {[%emt 0:00:02]} f5 {[%emt 0:00:03]} 40.
Bc6 {[%emt 0:00:04]} Rc7 {[%emt 0:00:05]} 41. Bf3 {[%emt 0:00:03]} Rb2 {[%emt
0:00:02]} 42. Rxd2 {[%emt 0:00:03]} Rd7+ {[%emt 0:00:02]} 43. Bd5 {[%emt 0:00:
05]} Rxd5+ {[%emt 0:00:02] Us6 resigns} 0-1

[Event "Villarobledo Online Qualifyer"]
[Site "playchess.com #155672"]
[Date "2009.05.23"]
[Round "5"]
[White "HappyTriggerFool"]
[Black "Necromant"]
[Result "1-0"]
[WhiteElo "2472"]
[BlackElo "2594"]
[PlyCount "99"]
[EventDate "2009.05.23"]
[EventType "swiss (blitz)"]

1. d4 {[%emt 0:00:02]} Nf6 {[%emt 0:00:11]} 2. Nf3 {[%emt 0:00:01]} g6 {[%emt
0:00:01]} 3. g3 {[%emt 0:00:01]} Bg7 {[%emt 0:00:01]} 4. Bg2 {[%emt 0:00:01]}
O-O {[%emt 0:00:01]} 5. O-O {[%emt 0:00:01]} d5 {[%emt 0:00:01]} 6. b3 {[%emt
0:00:01]} Nc6 {[%emt 0:00:02]} 7. Bb2 {[%emt 0:00:01]} Bf5 {[%emt 0:00:01]} 8.
a3 {[%emt 0:00:03]} Qc8 {[%emt 0:00:02]} 9. Re1 {[%emt 0:00:02]} a5 {[%emt 0:
00:03]} 10. e3 {[%emt 0:00:04]} Rd8 {[%emt 0:00:04]} 11. Nbd2 {[%emt 0:00:02]}
Ne4 {[%emt 0:00:03]} 12. Qe2 {[%emt 0:00:19]} Nxd2 {[%emt 0:00:09]} 13. Qxd2 {
[%emt 0:00:01]} Be4 {[%emt 0:00:01]} 14. c4 {[%emt 0:00:04]} a4 {[%emt 0:00:18]
} 15. cxd5 {[%emt 0:00:05]} Rxd5 {[%emt 0:00:01]} 16. b4 {[%emt 0:00:02]} Rh5 {
[%emt 0:00:18]} 17. h4 {[%emt 0:00:07]} Qf5 {[%emt 0:00:24]} 18. Nh2 {[%emt 0:
00:07]} Bxg2 {[%emt 0:00:03]} 19. Kxg2 {[%emt 0:00:01]} Qd5+ {[%emt 0:00:17]}
20. e4 {[%emt 0:00:08]} Qd7 {[%emt 0:00:02]} 21. d5 {[%emt 0:00:01]} Ne5 {
[%emt 0:00:09]} 22. Bxe5 {[%emt 0:00:03]} Bxe5 {[%emt 0:00:02]} 23. Rac1 {
[%emt 0:00:04]} Bg7 {[%emt 0:00:11]} 24. Qc2 {[%emt 0:00:08]} Rc8 {[%emt 0:00:
04]} 25. Nf3 {[%emt 0:00:02]} c6 {[%emt 0:00:05]} 26. dxc6 {[%emt 0:00:03]}
Rxc6 {[%emt 0:00:05]} 27. Qxa4 {[%emt 0:00:04]} h6 {[%emt 0:00:43]} 28. Rxc6 {
[%emt 0:00:12]} bxc6 {[%emt 0:00:01]} 29. Qd1 {[%emt 0:00:25]} Qa7 {[%emt 0:00:
08]} 30. a4 {[%emt 0:00:04]} Qb6 {[%emt 0:00:18]} 31. Qb3 {[%emt 0:00:06]} Ra5
{[%emt 0:00:07]} 32. e5 {[%emt 0:00:07]} Ra8 {[%emt 0:00:02]} 33. e6 {[%emt 0:
00:02]} f5 {[%emt 0:00:01]} 34. b5 {[%emt 0:00:08]} cxb5 {[%emt 0:00:01]} 35.
axb5 {[%emt 0:00:01]} Rd8 {[%emt 0:00:01]} 36. Rd1 {[%emt 0:00:04]} Rxd1 {
[%emt 0:00:03]} 37. Qxd1 {[%emt 0:00:01]} Kh7 {[%emt 0:00:02]} 38. Qd7 {[%emt
0:00:01]} Bf6 {[%emt 0:00:01]} 39. Qc6 {[%emt 0:00:13] .} Qb8 {[%emt 0:00:05]}
40. b6 {[%emt 0:00:02]} g5 {[%emt 0:00:02]} 41. hxg5 {[%emt 0:00:02]} hxg5 {
[%emt 0:00:01]} 42. Qc7 {[%emt 0:00:01]} Qg8 {[%emt 0:00:01]} 43. b7 {[%emt 0:
00:04]} g4 {[%emt 0:00:01]} 44. Ne5 {[%emt 0:00:01]} Qxe6 {[%emt 0:00:01]} 45.
b8=Q {[%emt 0:00:03]} Qd5+ {[%emt 0:00:02]} 46. Kh2 {[%emt 0:00:05]} Qd2 {
[%emt 0:00:01]} 47. Qba7 {[%emt 0:00:12]} f4 {[%emt 0:00:01]} 48. Qxe7+ {[%emt
0:00:03]} Bxe7 {[%emt 0:00:01]} 49. Qxe7+ {[%emt 0:00:01]} Kh6 {[%emt 0:00:01]}
50. Qf6+ {[%emt 0:00:02] Necromant resigns} 1-0

[Event "Villarobledo Online Qualifyer"]
[Site "playchess.com #155672"]
[Date "2009.05.23"]
[Round "5"]
[White "Kakaku"]
[Black "The bluff"]
[Result "0-1"]
[WhiteElo "1858"]
[BlackElo "2194"]
[PlyCount "108"]
[EventDate "2009.05.23"]
[EventType "swiss (blitz)"]

1. d4 {[%emt 0:00:02]} Nf6 {[%emt 0:00:01]} 2. Nf3 {[%emt 0:00:01]} e6 {[%emt
0:00:01]} 3. c4 {[%emt 0:00:02]} b6 {[%emt 0:00:01]} 4. g3 {[%emt 0:00:02]} Ba6
{[%emt 0:00:02]} 5. Qa4 {[%emt 0:00:01]} Bb7 {[%emt 0:00:02]} 6. Bg2 {[%emt 0:
00:03]} Be7 {[%emt 0:00:01]} 7. Nc3 {[%emt 0:00:04]} O-O {[%emt 0:00:01]} 8.
O-O {[%emt 0:00:03]} c5 {[%emt 0:00:04]} 9. d5 {[%emt 0:00:21]} exd5 {[%emt 0:
00:09]} 10. cxd5 {[%emt 0:00:39]} Nxd5 {[%emt 0:00:18]} 11. Nxd5 {[%emt 0:00:
17]} Bxd5 {[%emt 0:00:04]} 12. Rd1 {[%emt 0:00:03]} Bc6 {[%emt 0:00:01]} 13.
Qc2 {[%emt 0:00:05]} d5 {[%emt 0:00:08]} 14. Ne5 {[%emt 0:00:50]} Bb7 {[%emt 0:
00:02]} 15. b3 {[%emt 0:00:10]} Bf6 {[%emt 0:00:01]} 16. Bb2 {[%emt 0:00:11]}
Na6 {[%emt 0:00:01]} 17. a3 {[%emt 0:00:12]} Nc7 {[%emt 0:00:03]} 18. Rac1 {
[%emt 0:00:04]} Qe7 {[%emt 0:00:03]} 19. Ng4 {[%emt 0:00:04]} Bxb2 {[%emt 0:00:
03]} 20. Qxb2 {[%emt 0:00:00]} Rfe8 {[%emt 0:00:06]} 21. e3 {[%emt 0:00:05]}
Rad8 {[%emt 0:00:01]} 22. h4 {[%emt 0:00:02]} Bc8 {[%emt 0:00:03]} 23. Nh2 {
[%emt 0:00:03]} Ba6 {[%emt 0:00:37] '} 24. h5 {[%emt 0:00:03]} Qg5 {[%emt 0:00:
09]} 25. Bf3 {[%emt 0:00:06]} Ne6 {[%emt 0:00:15]} 26. Rd2 {[%emt 0:00:12]} d4
{[%emt 0:00:05]} 27. exd4 {[%emt 0:00:02]} Nxd4 {[%emt 0:00:01]} 28. Rcd1 {
[%emt 0:00:03]} Nxf3+ {[%emt 0:00:04]} 29. Nxf3 {[%emt 0:00:01]} Rxd2 {[%emt 0:
00:01]} 30. Nxg5 {[%emt 0:00:01]} Rxb2 {[%emt 0:00:02]} 31. Rd7 {[%emt 0:00:04]
} Rf8 {[%emt 0:00:08]} 32. h6 {[%emt 0:00:01]} Rxb3 {[%emt 0:00:02]} 33. Ne4 {
[%emt 0:00:02]} Rxa3 {[%emt 0:00:03]} 34. hxg7 {[%emt 0:00:00]} Kxg7 {[%emt 0:
00:01]} 35. Nd6 {[%emt 0:00:01]} c4 {[%emt 0:00:03]} 36. g4 {[%emt 0:00:01]} c3
{[%emt 0:00:01]} 37. Rc7 {[%emt 0:00:01]} Be2 {[%emt 0:00:04]} 38. Nf5+ {[%emt
0:00:01]} Kg6 {[%emt 0:00:05]} 39. f3 {[%emt 0:00:01]} Bxf3 {[%emt 0:00:02]}
40. Nh4+ {[%emt 0:00:01]} Kg5 {[%emt 0:00:02]} 41. Nxf3+ {[%emt 0:00:00]} Kxg4
{[%emt 0:00:00]} 42. Ne5+ {[%emt 0:00:01]} Kf5 {[%emt 0:00:01]} 43. Nc4 {[%emt
0:00:01]} Ra1+ {[%emt 0:00:01]} 44. Kf2 {[%emt 0:00:02]} Re8 {[%emt 0:00:15]}
45. Rxf7+ {[%emt 0:00:04]} Kg6 {[%emt 0:00:02]} 46. Rc7 {[%emt 0:00:04]} c2 {
[%emt 0:00:01]} 47. Ne5+ {[%emt 0:00:03]} Rxe5 {[%emt 0:00:02]} 48. Rxc2 {
[%emt 0:00:00]} Ra4 {[%emt 0:00:02]} 49. Kg2 {[%emt 0:00:01]} Rf4 {[%emt 0:00:
02]} 50. Kg3 {[%emt 0:00:02]} Rf6 {[%emt 0:00:03]} 51. Kg4 {[%emt 0:00:02]}
Rg5+ {[%emt 0:00:01]} 52. Kh4 {[%emt 0:00:02]} Rf4+ {[%emt 0:00:01]} 53. Kh3 {
[%emt 0:00:01]} Kh5 {[%emt 0:00:01]} 54. Rc7 {[%emt 0:00:03]} Rh4# {[%emt 0:00:
01]} 0-1

[Event "Villarobledo Online Qualifyer"]
[Site "playchess.com #155672"]
[Date "2009.05.23"]
[Round "5"]
[White "BigBee"]
[Black "Maguljica"]
[Result "0-1"]
[WhiteElo "1787"]
[BlackElo "2143"]
[PlyCount "144"]
[EventDate "2009.05.23"]
[EventType "swiss (blitz)"]

1. d4 {[%emt 0:00:02]} Nf6 {[%emt 0:00:04]} 2. c4 {[%emt 0:00:01]} g6 {[%emt 0:
00:03]} 3. Nf3 {[%emt 0:00:01]} Bg7 {[%emt 0:00:02]} 4. Nc3 {[%emt 0:00:00]} d5
{[%emt 0:00:01]} 5. cxd5 {[%emt 0:00:03]} Nxd5 {[%emt 0:00:00]} 6. e4 {[%emt 0:
00:02]} Nxc3 {[%emt 0:00:02]} 7. bxc3 {[%emt 0:00:00]} c5 {[%emt 0:00:00]} 8.
Be3 {[%emt 0:00:04]} O-O {[%emt 0:00:02]} 9. Be2 {[%emt 0:00:02]} Nc6 {[%emt 0:
00:03]} 10. O-O {[%emt 0:00:03]} Qa5 {[%emt 0:00:02]} 11. Qb3 {[%emt 0:00:08]}
Rd8 {[%emt 0:00:20]} 12. Rfd1 {[%emt 0:00:02]} cxd4 {[%emt 0:00:18]} 13. cxd4 {
[%emt 0:00:02]} Qb4 {[%emt 0:00:01]} 14. Rab1 {[%emt 0:00:09]} Qxb3 {[%emt 0:
00:02]} 15. Rxb3 {[%emt 0:00:05]} b6 {[%emt 0:00:01]} 16. Bb5 {[%emt 0:00:07]}
Bb7 {[%emt 0:00:06]} 17. d5 {[%emt 0:00:09]} Na5 {[%emt 0:00:07]} 18. Rbd3 {
[%emt 0:00:03]} Rac8 {[%emt 0:00:06]} 19. Nd4 {[%emt 0:00:08]} Nc4 {[%emt 0:00:
12]} 20. Bxc4 {[%emt 0:00:06]} Rxc4 {[%emt 0:00:00]} 21. f3 {[%emt 0:00:07]}
Rdc8 {[%emt 0:00:15]} 22. Nb3 {[%emt 0:00:08]} Rc2 {[%emt 0:00:06]} 23. R3d2 {
[%emt 0:00:01]} Ba6 {[%emt 0:00:04]} 24. Kf2 {[%emt 0:00:03]} R8c3 {[%emt 0:00:
12]} 25. Rxc2 {[%emt 0:00:03]} Rxc2+ {[%emt 0:00:03]} 26. Rd2 {[%emt 0:00:01]}
Rc4 {[%emt 0:00:13]} 27. Nd4 {[%emt 0:00:08]} Bb7 {[%emt 0:00:22]} 28. Nc6 {
[%emt 0:00:07]} Bxc6 {[%emt 0:00:24]} 29. dxc6 {[%emt 0:00:01]} Be5 {[%emt 0:
00:00]} 30. Bh6 {[%emt 0:00:06]} f6 {[%emt 0:00:07]} 31. Rd8+ {[%emt 0:00:05]}
Kf7 {[%emt 0:00:01]} 32. Rd7 {[%emt 0:00:05]} Rxc6 {[%emt 0:00:04]} 33. Rxa7 {
[%emt 0:00:01]} Rc2+ {[%emt 0:00:02]} 34. Kf1 {[%emt 0:00:02]} Bxh2 {[%emt 0:
00:03]} 35. Be3 {[%emt 0:00:06]} b5 {[%emt 0:00:07]} 36. Bb6 {[%emt 0:00:05]}
Bd6 {[%emt 0:00:02]} 37. Bd8 {[%emt 0:00:05]} b4 {[%emt 0:00:02]} 38. f4 {
[%emt 0:00:06]} Rc1+ {[%emt 0:00:06]} 39. Ke2 {[%emt 0:00:02]} Rc2+ {[%emt 0:
00:02]} 40. Kf3 {[%emt 0:00:03]} Rc3+ {[%emt 0:00:02]} 41. Ke2 {[%emt 0:00:01]}
Ke8 {[%emt 0:00:02]} 42. Ra8 {[%emt 0:00:09]} Kd7 {[%emt 0:00:01]} 43. Bb6 {
[%emt 0:00:05]} Rc8 {[%emt 0:00:02]} 44. Rxc8 {[%emt 0:00:02]} Kxc8 {[%emt 0:
00:00]} 45. f5 {[%emt 0:00:03]} Kb7 {[%emt 0:00:01]} 46. Bd4 {[%emt 0:00:02]}
Kc6 {[%emt 0:00:03]} 47. Kd3 {[%emt 0:00:01]} Kb5 {[%emt 0:00:01]} 48. g4 {
[%emt 0:00:03]} Ka4 {[%emt 0:00:06]} 49. Kc2 {[%emt 0:00:01]} Ka3 {[%emt 0:00:
01]} 50. Kb1 {[%emt 0:00:01]} b3 {[%emt 0:00:01]} 51. Bb2+ {[%emt 0:00:01]} Kb4
{[%emt 0:00:01]} 52. axb3 {[%emt 0:00:04]} Kxb3 {[%emt 0:00:00]} 53. Bd4 {
[%emt 0:00:05]} Kc4 {[%emt 0:00:01]} 54. Bb6 {[%emt 0:00:04]} Kd3 {[%emt 0:00:
01]} 55. fxg6 {[%emt 0:00:02]} hxg6 {[%emt 0:00:01]} 56. e5 {[%emt 0:00:01]}
Bxe5 {[%emt 0:00:01]} 57. Bd8 {[%emt 0:00:02]} Bd6 {[%emt 0:00:01]} 58. Kc1 {
[%emt 0:00:01]} Ke4 {[%emt 0:00:01]} 59. Kd1 {[%emt 0:00:01]} Kf4 {[%emt 0:00:
01]} 60. g5 {[%emt 0:00:01]} Kxg5 {[%emt 0:00:01]} 61. Ke2 {[%emt 0:00:00]} Kf5
{[%emt 0:00:01]} 62. Kf3 {[%emt 0:00:01]} g5 {[%emt 0:00:01]} 63. Kf2 {[%emt 0:
00:01]} g4 {[%emt 0:00:00]} 64. Kg2 {[%emt 0:00:02]} Kg5 {[%emt 0:00:01]} 65.
Bb6 {[%emt 0:00:03]} f5 {[%emt 0:00:01]} 66. Be3+ {[%emt 0:00:05]} f4 {[%emt 0:
00:01]} 67. Bd2 {[%emt 0:00:01]} e5 {[%emt 0:00:01]} 68. Bc1 {[%emt 0:00:02]}
Kf5 {[%emt 0:00:01]} 69. Kf2 {[%emt 0:00:01]} f3 {[%emt 0:00:00]} 70. Be3 {
[%emt 0:00:04]} e4 {[%emt 0:00:00]} 71. Bd4 {[%emt 0:00:05]} g3+ {[%emt 0:00:
01]} 72. Ke3 {[%emt 0:00:01]} Bf4# {[%emt 0:00:01]} 0-1